Statystyki dla 100 największych miast w Europie według liczby ludności

Kliknij tutaj aby rozwiązać quiz!

Ogólne statystyki

  • Ten quiz został rozwiązany 57 razy
  • Średni wynik to 61 z 100

Statystyki odpowiedzi

Lp.PaństwoPopulacjaMiasto% Poprawnych
3.Wielka
Brytania
8.825.001Londyn
100%
2.Rosja12.653.050Moskwa
100%
5.Niemcy3.748.148Berlin
98%
9.Francja2.206.488Paryż
98%
8.Włochy2.865.234Rzym
98%
13.Polska1.860.281Warszawa
98%
7.Ukraina2.967.360Kijów
96%
6.Hiszpania3.182.981Madryt
96%
20.Czechy1.294.513Praga
96%
12.Rumunia1.877.155Bukareszt
94%
44.Polska803.282Kraków
94%
10.Białoruś2.020.600Mińsk
94%
17.Niemcy1.456.039Monachium
94%
36.Szwecja960.031Sztokholm
94%
11.Austria1.888.776Wiedeń
94%
16.Hiszpania1.620.809Barcelona
92%
15.Węgry1.749.734Budapeszt
92%
1.Turcja13.522.528Stambuł
92%
42.Holandia859.732Amsterdam
90%
19.Włochy1.372.810Mediolan
90%
45.Chorwacja802.338Zagrzeb
90%
21.Bułgaria1.290.502Sofia
88%
53.Polska674.132Wrocław
88%
57.Grecja664.938Ateny
86%
38.Norwegia925.245Oslo
86%
61.Łotwa641.423Ryga
86%
24.Serbia1.166.763Belgrad
84%
14.Niemcy1.836.584Hamburg
82%
60.Finlandia645.482Helsinki
82%
68.Dania613.288Kopenhaga
82%
98.Portugalia506.892Lizbona
82%
50.Ukraina724.314Lwów
82%
29.Niemcy1.080.394Kolonia
80%
35.Włochy962.495Neapol
80%
81.Wielka
Brytania
545.501Manchester
78%
41.Francja861.635Marsylia
78%
83.Litwa536.692Wilno
78%
80.Irlandia554.554Dublin
76%
99.Wielka
Brytania
506.565Liverpool
76%
58.Polska658.444Łódź
76%
72.Niemcy586.600Dortmund
74%
94.Francja513.275Lyon
74%
82.Polska541.316Poznań
74%
4.Rosja5.384.342Sankt
Petersburg
72%
18.Ukraina1.443.207Charków
70%
40.Włochy878.074Turyn
70%
54.Mołdawia671.800Kiszyniów
68%
62.Holandia641.326Rotterdam
68%
88.Macedonia
Północna
526.502Skopje
68%
39.Ukraina908.456Donieck
66%
48.Niemcy746.878Frankfurt
66%
74.Niemcy581.980Lipsk
66%
27.Wielka
Brytania
1.137.123Birmingham
64%
46.Hiszpania787.808Walencja
64%
65.Wielka
Brytania
621.026Glasgow
62%
86.Holandia534.158Haga
62%
47.Wielka
Brytania
784.846Leeds
62%
52.Hiszpania689.434Sewilla
62%
22.Rosja1.257.341Kazań
60%
32.Ukraina1.018.669Odessa
60%
33.Rosja1.004.763Wołgograd
58%
90.Belgia523.248Antwerpia
54%
63.Niemcy632.743Stuttgart
54%
79.Niemcy568.006Brema
50%
95.Wielka
Brytania
513.210Edynburg
50%
71.Szwecja590.580Göteborg
50%
55.Włochy666.214Palermo
48%
34.Ukraina990.724Dniepr
46%
67.Niemcy617.280Düsseldorf
46%
93.Niemcy515.201Norymberga
44%
73.Niemcy583.393Essen
42%
75.Włochy578.710Genua
42%
84.Niemcy535.061Hanower
40%
23.Rosja1.244.254Niżny
Nowogród
40%
26.Rosja1.137.704Rostów
nad Donem
40%
56.Hiszpania664.938Saragossa
40%
37.Rosja948.827Krasnodar
38%
49.Ukraina731.922Zaporoże
38%
78.Hiszpania569.002Malaga
36%
28.Rosja1.125.933Ufa
36%
31.Rosja1.049.199Perm
34%
76.Wielka
Brytania
577.789Sheffield
34%
25.Rosja1.144.759Samara
32%
96.Białoruś510.300Homel
30%
66.Ukraina619.278Krzywy Róg
30%
30.Rosja1.050.602Woroneż
24%
70.Rosja601.403Jarosław
22%
69.Rosja604.266Machaczkała
18%
85.Rosja534.801Riazań
16%
43.Rosja830.155Saratów
16%
51.Rosja693.072Togliatti
14%
64.Rosja625.462Uljanowsk
14%
89.Rosja524.371Astrachań
12%
59.Rosja646.468Iżewsk
12%
77.Rosja572.819Orenburg
10%
91.Rosja521.091Kirow
8%
100.Rosja503.216Lipieck
8%
92.Rosja516.450Penza
6%
87.Rosja532.074Nabierieżnyje
Czełny
4%
97.Rosja507.307Bałaszycha
2%

Rozkład punktacji

Percentyl według liczby udzielonych odpowiedzi

Procent ludzi z każdym wynikiem

Twoja historia wyników

Nie rozwiązałeś tego quizu